000 00455 a2200169 4500
005 20250606102008.0
008 250603b |||||||| |||| 00| 0 eng d
020 _a8123787189
_cRs. 225.00
040 _aMAIN
082 _aB
_bA16A:B
100 _aAgnihotri, Kuldeep Chand
245 _aBhimrao Ramji Ambedkar yatra ke padchinh
260 _bNational Book Trust
_c2021
_aNew Delhi
300 _a200
650 _aBiograph-Ambedkar, B R
942 _cBK
999 _c356529
_d356529